| 000 | 00665cam a2200241 4500 | ||
|---|---|---|---|
| 001 | 32190 | ||
| 003 | BD-RjUL | ||
| 005 | 20211209051812.0 | ||
| 008 | 140424s1976 pk 000 0ceng | ||
| 035 | _a(BD-RjUL)32279 | ||
| 040 |
_aDLC _cDLC _dDLC _dBD-RjUL _beng |
||
| 041 | _aeng | ||
| 082 | 0 | 0 |
_a297.42 _bISL 1976 |
| 245 | 0 | 0 |
_aIslam - our choice / _cby Begum Aisha Bawany Waqf. |
| 250 | _a6th (abridged) ed. | ||
| 260 |
_aKarachi : _bBegum Aisha Bawany Waqf, _c1976. |
||
| 300 |
_aviii, 124 p. ; _c18 cm. |
||
| 490 | 0 |
_aFree series _vno. 2 |
|
| 650 | 0 |
_aMuslim converts. _997965 |
|
| 942 |
_2ddc _cBK |
||
| 999 |
_c32190 _d32190 |
||